| 000 -LEADER |
| fixed length control field |
00678cam a2200229 i 4500 |
| 020 ## - INTERNATIONAL STANDARD BOOK NUMBER |
| ISBN |
0813802202 |
| 040 ## - CATALOGING SOURCE |
| Transcribing agency |
DLC |
| 082 00 - DEWEY DECIMAL CLASSIFICATION NUMBER |
| Classification number |
581 LOW 1976 A060 Or. |
| 100 1# - MAIN ENTRY--AUTHOR NAME |
| Personal name |
Berlyn, Graeme P., |
| 245 10 - TITLE STATEMENT |
| Title |
Botanical microtechnique and cytochemistry / |
| 250 ## - EDITION STATEMENT |
| Edition statement |
1st ed. |
| 260 ## - PUBLICATION, DISTRIBUTION, ETC. (IMPRINT) |
| Place of publication |
Ames, Iowa : |
| Name of publisher |
Iowa State University Press, |
| Year of publication |
1976. |
| 300 ## - PHYSICAL DESCRIPTION |
| Number of Pages |
viii, 326 p. : |
| Other physical details |
ill. ; |
| Dimensions |
24 cm. |
| 500 ## - GENERAL NOTE |
| General note |
"Revised from Botanical microtechnique, 3rd ed., John E. Sass." |
| 500 ## - GENERAL NOTE |
| General note |
Includes index. |
| 650 #0 - SUBJECT ADDED ENTRY--TOPICAL TERM |
| Topical Term |
Botanical microtechnique. |
| 650 #0 - SUBJECT ADDED ENTRY--TOPICAL TERM |
| Topical Term |
Plant cytochemistry |
| 650 #0 - SUBJECT ADDED ENTRY--TOPICAL TERM |
| Topical Term |
Plant anatomy |
| 700 1# - ADDED ENTRY--PERSONAL NAME |
| Personal name |
Miksche, Jerome P., |
| 700 1# - ADDED ENTRY--PERSONAL NAME |
| Personal name |
Sass, John E. |
| 942 ## - ADDED ENTRY ELEMENTS (KOHA) |
| Koha item type |
សៀវភៅភាសាអង់គ្លេស |
| 952 ## - LOCATION AND ITEM INFORMATION (KOHA) |
| Withdrawn status [LOCAL, KOHA] |
0 |